2025手机品牌中国占有率Top15 cell phone brands by sales in China in 2025 - Statistics

General Stats
  • This quiz has been taken 85 times
  • The average score is 10 of 15
Answer Stats
品牌 占有率/% 价格区间/¥ % Correct
华为 14.5 949-23999
100%
苹果 8.8 2850-13999
99%
小米 5.7 1849-13499
99%
oppo 21.2 899-12999
97%
vivo 15.5 799-10999
97%
荣耀 11.8 699-15999
86%
三星 2.3 1892-39999
84%
红米 5.9 499-4999
74%
一加 3.4 1580-5999
63%
魅族 0.5 1599-8999
54%
真我 2.4 999-4799
50%
moto 0.9 899-12499
45%
iqoo 4.0 899-5999
36%
中兴 0.4 699-7999
32%
努比亚 1.6 799-7499
28%
No matching quizzes found
Score Distribution
Percent of People with Each Score
Percentile by Number Answered
Your Score History
You have not taken this quiz